<?xml version="1.0" encoding="UTF-8"?>
<record
    xmlns:xsi="http://www.w3.org/2001/XMLSchema-instance"
    xsi:schemaLocation="http://www.loc.gov/MARC21/slim http://www.loc.gov/standards/marcxml/schema/MARC21slim.xsd"
    xmlns="http://www.loc.gov/MARC21/slim">

  <leader>01633nam a22002057a 4500</leader>
  <controlfield tag="005">20230221112016.0</controlfield>
  <controlfield tag="008">230220b           ||||| |||| 00| 0 eng d</controlfield>
  <datafield tag="020" ind1=" " ind2=" ">
    <subfield code="a">9789353576653</subfield>
  </datafield>
  <datafield tag="040" ind1=" " ind2=" ">
    <subfield code="c">AL</subfield>
  </datafield>
  <datafield tag="041" ind1=" " ind2=" ">
    <subfield code="a">eng</subfield>
  </datafield>
  <datafield tag="082" ind1=" " ind2=" ">
    <subfield code="2">23</subfield>
    <subfield code="a">306.3</subfield>
    <subfield code="b">RAJT</subfield>
  </datafield>
  <datafield tag="100" ind1=" " ind2=" ">
    <subfield code="a">Raghauram G.Rajan</subfield>
    <subfield code="9">72660</subfield>
  </datafield>
  <datafield tag="245" ind1=" " ind2=" ">
    <subfield code="a">Third Pillar</subfield>
    <subfield code="b">: How markets and the state leave the community behind</subfield>
  </datafield>
  <datafield tag="260" ind1=" " ind2=" ">
    <subfield code="a">Uttar Pradesh</subfield>
    <subfield code="b">Harper Collins Publishers</subfield>
    <subfield code="c">2019</subfield>
  </datafield>
  <datafield tag="300" ind1=" " ind2=" ">
    <subfield code="a">xxviii,430p.</subfield>
    <subfield code="b">PB</subfield>
    <subfield code="c">22x14cm.</subfield>
  </datafield>
  <datafield tag="365" ind1=" " ind2=" ">
    <subfield code="2">General</subfield>
    <subfield code="a">ABDI/0659/23</subfield>
    <subfield code="b">&#x20B9;449.00</subfield>
    <subfield code="c">&#x20B9;</subfield>
    <subfield code="d">&#x20B9;599.00</subfield>
    <subfield code="e">25%</subfield>
    <subfield code="f">13/02/2023</subfield>
  </datafield>
  <datafield tag="520" ind1=" " ind2=" ">
    <subfield code="a">| SHORTLISTED FOR THE FINANCIAL TIMES &amp; MCKINSEY BUSINESS BOOK OF THE YEAR AWARD 2019, AND THE CROSSWORD BOOK AWARD 2019 |Raghuram G. Rajan has an unparalleled vantage point on the socio-economic consequences of globalization and their ultimate effect on politics. In The Third Pillar, he offers a big-picture framework for understanding how these three forces - the state, markets and communities - interact, why things begin to break down, and how we can find our way back to a more secure and stable plane. The 'third pillar' is the community we live in. Rajan presents a way to rethink the relationship between the market and civil society and argues for a return to strengthening and empowering local communities as an antidote to growing despair and unrest. The Third Pillar is a masterpiece of explication, a book that will be a classic for its offering of a wise, authoritative and humane explanation of the forces that have wrought such a sea change in our lives.</subfield>
  </datafield>
  <datafield tag="650" ind1=" " ind2=" ">
    <subfield code="2">Social sciences</subfield>
    <subfield code="a"> Culture and institutions</subfield>
    <subfield code="9">72767</subfield>
  </datafield>
  <datafield tag="942" ind1=" " ind2=" ">
    <subfield code="2">ddc</subfield>
    <subfield code="c">BK</subfield>
  </datafield>
  <datafield tag="999" ind1=" " ind2=" ">
    <subfield code="c">226755</subfield>
    <subfield code="d">226755</subfield>
  </datafield>
  <datafield tag="952" ind1=" " ind2=" ">
    <subfield code="0">0</subfield>
    <subfield code="1">0</subfield>
    <subfield code="2">ddc</subfield>
    <subfield code="4">0</subfield>
    <subfield code="7">0</subfield>
    <subfield code="8">ECO</subfield>
    <subfield code="a">SACPG</subfield>
    <subfield code="b">SACPG</subfield>
    <subfield code="d">2023-02-15</subfield>
    <subfield code="e">Academic Book Distributors</subfield>
    <subfield code="g">449.00</subfield>
    <subfield code="l">1</subfield>
    <subfield code="o">306.3 RAJT</subfield>
    <subfield code="p">PG024219</subfield>
    <subfield code="r">2024-12-03 00:00:00</subfield>
    <subfield code="s">2024-07-02</subfield>
    <subfield code="v">599.00</subfield>
    <subfield code="w">2023-02-20</subfield>
    <subfield code="y">BK</subfield>
  </datafield>
</record>
